Alle Moderne Länder, die jemals zum Russischen Reich gehörten - Statistiken

Allgemein
  • Dieses Quiz wurde 429 mal gespielt
  • Das Durchschnittsergebnis liegt bei 29 aus 32
Antworten auf der Karte
Die Antworten werden auf der Karte rot bzw. grün angezeigt, abhängig davon wie oft sie richtig erraten wurden.
 
Antwortstatistiken
Länder % Korrekt
Russland
100%
Belarus
99%
Estland
99%
Finnland
99%
Lettland
99%
Litauen
99%
Polen
99%
Ukraine
99%
Kasachstan
98%
Bulgarien
96%
China
96%
Usbekistan
96%
NordKorea
95%
Rumänien
95%
Vereinigte Staaten
95%
Armenien
94%
Georgien
94%
Türkei
94%
Turkmenistan
94%
Aserbaidschan
93%
Iran
93%
Moldawien
93%
Frankreich
92%
Kirgisistan
92%
Tadschikistan
92%
Deutschland
90%
Griechenland
90%
Montenegro
83%
Schweden
82%
Libanon
79%
Dschibuti
68%
Norwegen
50%
Keine übereinstimmenden Quizze gefunden
Verteilung der Resultate
Anzahl Personen mit jedem Resultat
Perzentil nach korrekt beantworteten Fragen
Ihre Resultats-Entwicklung
Sie haben dieses Quiz noch nicht gespielt